[Event "Moehnesee Cup-B"]
[Site "Moehnesee"]
[Date "2005.08.21"]
[Round "7"]
[White "Trompeter, Michael"]
[Black "Bluebaum, Johanna"]
[Result "0-1"]
[WhiteElo "1724"]
[BlackElo "1618"]
[PlyCount "42"]
[EventDate "2005.08.18"]
[EventType "swiss"]
[EventRounds "7"]
[EventCountry "GER"]
[SourceTitle "CBM 108 Extra"]
[Source "ChessBase"]
[SourceDate "2005.11.04"]
[SourceVersion "1"]
[SourceVersionDate "2005.11.04"]
[SourceQuality "1"]

1. d4 Nf6 2. c4 c5 3. Nf3 cxd4 4. Nxd4 e6 5. g3 d5 6. Bg2 Nc6 7. 0-0 Bc5 8. Nb3 Be7 9. cxd5 Nxd5 10. e4 Nf6 11. Qe2 Qc7 12. Nc3 0-0 13. f4 a5 14. Be3 a4 15. Nc5 Qb8 16. Nb5 e5 17. f5 b6 18. Nxa4 Rxa4 19. Qc2 Rb4 20. a4 Na5 21. Qf2 Ng4 0-1